000 00550nam a2200169Ia 4500
008 230917s9999||||xx |||||||||||||| ||und||
020 _cRS350
040 _e237387
_aMAIN
041 _aEnglish
082 _a658.787 S64I
100 _aSingh, Sita Ram
245 0 _aInventory management: Indian School of Business Management and Administration, An ISO 9001: 2000 Certified Institution
260 _aNew Delhi
_bAPH Publishing
_c2016
300 _av, 232 p.
500 _a2576 19/01/2017 HBD17/6797 25/01/2017 IMSAR (Dev. & Research)
942 _cBK
999 _c21037
_d21037